书目信息 |
| 题名: |
Java面向对象程序设计课程设计及实训教程
|
|
| 作者: | 谭萍 , 赵付青 主编 | |
| 分册: | ||
| 出版信息: | 北京 国防工业出版社 2011.04 |
|
| 页数: | 286页 | |
| 开本: | 26cm | |
| 丛书名: | ||
| 单 册: | ||
| 中图分类: | TP312JA | |
| 科图分类: | ||
| 主题词: | JAVA语言--面向对象语言--程序设计--高等教育--教学参考资料 | |
| 电子资源: | ||
| ISBN: | 978-7-118-07461-1 | |
| 000 | 01041nam0 2200253 450 | |
| 001 | 297457 | |
| 005 | 20110901111108.35 | |
| 010 | @a978-7-118-07461-1@dCNY32.00 | |
| 100 | @a20110810d2011 em y0chiy50 ea | |
| 101 | 0 | @achi |
| 102 | @aCN@b110000 | |
| 106 | @ar | |
| 200 | 1 | @aJava面向对象程序设计课程设计及实训教程@AJava mian xiang dui xiang cheng xu she ji ke cheng she ji ji shi xun jiao cheng@f赵付青,谭萍主编 |
| 210 | @a北京@c国防工业出版社@d2011.04 | |
| 215 | @a286页@d26cm | |
| 300 | @a普通高等教育“十二五”规划教材 | |
| 330 | @a本书作为《Java面向对象程序设计》的配套教材,提供了教材中所有习题的详细解答,并通过大量经典的程序实例、上机指导及课程设计案例,使学生在掌握Java知识的同时提高动手编程能力。全书共分4个部分:习题解答、上机实验指导、课程设计和近年来Java全国计算机等级考试考题。 | |
| 586 | @a | |
| 606 | 0 | @aJAVA语言@x面向对象语言@x程序设计@x高等教育@j教学参考资料 |
| 690 | @aTP312JA@v5 | |
| 701 | 0 | @a谭萍@Atan ping@4主编 |
| 701 | 0 | @a赵付青@Azhao fu qing@4主编 |
| 801 | 0 | @aCN@c20110610 |
| 905 | @dTP312JA@eZ300 | |
| Java面向对象程序设计课程设计及实训教程/赵付青,谭萍主编.-北京:国防工业出版社,2011.04 |
| 286页;26cm |
| 普通高等教育“十二五”规划教材 |
| ISBN 978-7-118-07461-1:CNY32.00 |
| 本书作为《Java面向对象程序设计》的配套教材,提供了教材中所有习题的详细解答,并通过大量经典的程序实例、上机指导及课程设计案例,使学生在掌握Java知识的同时提高动手编程能力。全书共分4个部分:习题解答、上机实验指导、课程设计和近年来Java全国计算机等级考试考题。 |
| ● |
| 相关链接 |
|
|
|
正题名:Java面向对象程序设计课程设计及实训教程
索取号:TP312JA/Z300
 
预约/预借
| 序号 | 登录号 | 条形码 | 馆藏地/架位号 | 状态 | 备注 |
| 1 | 1015311 | 210153117 | 自科库301/301自科库 85排2列3层/ [索取号:TP312JA/Z300] | 在馆 | |
| 2 | 1015312 | 210153126 | 自科二线404/301自科库 80排1列5层/ [索取号:TP312JA/Z300] | 在馆 | |
| 3 | 1015313 | 210153135 | 自科库301/301自科库 85排2列3层/ [索取号:TP312JA/Z300] | 在馆 |